000 01537cam a22001934a 4500
005 20250605164135.0
008 250528s ||||||||||||||||||||||||d
035 _a18726
020 _a71154476
040 _aGR-AtMCL
_bgre
_dGR-AtMCL
_eAACR2
245 1 _aCoping with the Unseen Environment / An Introduction to the Vocational Rehabilitation of Blind Persons
260 _bTeachers College Press,
_c1972
300 _a366
520 _aForeword, Preface, Vocational Rehabilitation Problems and Possibilities for Blind Persons, An Overview of the Problem of Blindness, Vision Problems and Vision Restoration, Attitudes Toward Blindness, Psychological Consequences of Blindness, Social Provisions for Blind Persons, Occupational Opportunities, The Vocational Rehabilitation Process for Blind Persons, Vocational Rehabilitation for Blind Persons, Vicational Diagnosis and Psychological Tests, Interdisciplinary Evaluation and Training in a Rehabilitation Facility, Vocational Counselling for the Blind, Vocational Training, Vocational Placement, Special Vocational Rehabilitation Service Considerations in Serving the Blind, Sheltered and Semi-Sheltered Employment Situations for the Blind, Vocational Rehabilitation Services for Blind Persons with Additional Disabilities, The Rehabilitation Disciplines that Have a Special Role in Service to Blind Persons, Toward Imroved Vocational Rehabilitation for Blind Persons, References, Index.
700 1 _aRusalem Herbert
_94978
942 _cBK
999 _c4048
_d4048